000
00166nam a2200085Ia 4500
100
_a
ROY ARUNDHATI
942
_c
BK
245
_a
THE GOD OF SMALL THINGS
260
_b
#N/A
999
_c
35155
_d
35155